| Tag |
First Indicator |
Second Indicator |
Subfields |
| LEADER |
00000cam a2200000 a 4500 |
| 001 |
in00000098076 |
| 005 |
20150924085536.0 |
| 008 |
820304s1981 paua b 00010 eng |
| 010 |
|
|
|a 80054307
|
| 020 |
|
|
|a 0898711703 (pbk.)
|
| 035 |
|
|
|a (OCoLC)07548881
|
| 035 |
|
|
|9 AAK9441AM
|
| 039 |
0 |
|
|a 2
|b 3
|c 3
|d 3
|e 3
|
| 040 |
|
|
|a DLC
|c DLC
|d TXA
|d UtOrBLW
|
| 049 |
|
|
|a TXAM
|c [952482]
|
| 050 |
0 |
0 |
|a QC20.7 D52
|b M27
|
| 082 |
0 |
|
|a 530.1/5636
|2 19
|
| 100 |
1 |
|
|a Marsden, Jerrold E.
|
| 245 |
1 |
0 |
|a Lectures on geometric methods in mathematical physics /
|c Jerrold E. Marsden.
|
| 264 |
|
1 |
|a Philadelphia, Pa. :
|b Society for Industrial and Applied Mathematics,
|c 1981.
|
| 300 |
|
|
|a 97 pages :
|b illustrations ;
|c 25 cm.
|
| 336 |
|
|
|a text
|b txt
|2 rdacontent
|
| 337 |
|
|
|a unmediated
|b n
|2 rdamedia
|
| 338 |
|
|
|a volume
|b nc
|2 rdacarrier
|
| 490 |
1 |
|
|a CBMS-NSF regional conference series in applied mathematics ;
|v 37
|
| 504 |
|
|
|a Bibliography: pages 91-97.
|
| 650 |
|
0 |
|a Geometry, Differential.
|
| 650 |
|
0 |
|a Mathematical physics.
|
| 710 |
2 |
|
|a Society for Industrial and Applied Mathematics.
|
| 830 |
|
0 |
|a CBMS-NSF regional conference series in applied mathematics ;
|v 37.
|
| 999 |
|
|
|a MARS
|
| 999 |
f |
f |
|s d2af9cca-0fbd-3592-988b-3c74c337ef29
|i e270ac2f-349a-3fda-ac22-fdd494f3efd5
|t 0
|
| 952 |
f |
f |
|p normal
|a Texas A&M University
|b College Station
|c Sterling C. Evans Library
|d Evans: Library Stacks
|t 0
|e QC20.7 D52 M27
|h Library of Congress classification
|i unmediated -- volume
|m A14806025283
|
| 998 |
f |
f |
|a QC20.7 D52 M27
|t 0
|l Evans: Library Stacks
|